| 000 | 00708nam a2200229Ii 4500 | ||
|---|---|---|---|
| 003 | JO-AjNU | ||
| 008 | 230605s9999||||xx |||||||||||||| ||und|| | ||
| 017 | _a1982/5180 | ||
| 020 | _a977-10-0037-3 | ||
| 040 |
_aJO-AjNU _bara _erda _cJO-AjNU |
||
| 041 | _aara | ||
| 050 | 1 | 4 | _aHE8694 .H346. 1983 |
| 100 | 3 |
_aالحلواني،ماجي, _eauthor _915997 |
|
| 245 | 0 | 0 | _aمدخل الى الاذاعات الموجهة |
| 250 | _aط1 | ||
| 264 | 3 | 1 | _aالقاهرة:دار الفكر،1983 |
| 300 | _a184ص | ||
| 336 |
_atext _btxt _2rdacontent |
||
| 337 |
_aunmediated _bn _2rdamedia |
||
| 338 |
_avolume _bnc _2rdacarrier |
||
| 650 | 4 |
_aالاذاعة -- وسائل الاعلام المسموعة _915998 |
|
| 999 |
_aA4645 _c8213 _d8213 |
||